000 00665nam a2200265Ia 4500
005 20260121171725.0
008 008 260114s9999 xx 000 0 eng d
020 _a9789811512285
037 _aEBOOK
040 _aCRL
040 _beng
040 _cCRL
041 _2eng
041 _aeng
084 _qCRL
100 _aJeffrey Ayala Milligan
_91079714
245 0 _aIslamic Identity, Postcoloniality, and Educational Policy
260 _bSpringer
260 _bSpringer
260 _c2020
856 _uhttps://link.springer.com/openurl?genre=book&isbn=978-981-15-1228-5
942 _cEBOOK
999 _c1645446
_d1645446